000 00657nam a22002417a 4500
003 UA-OsUOA
001 29549
007 ta
008 20041013b un ||||| |||| 00| 0 ukr d
100 _aЦапенко І. П.
090 _a82.09(477)
_bЦ17
942 _cBK
040 _aUA-OsUOA
_bukr
_cUA-OsUOA
_dUA-OsUOA
245 _aПитання розвитку героїчного епосу східних слов'ян
300 _a133 с.
955 _a0
041 _aukr
080 _a82.09(477)
260 _aКиїв
_bАкадемія наук Української РСР
_c1959
044 _aUA
650 7 _2UDC
999 _c315941
_d315941